[Event "Cto de Aragon por Equipos Preferente"]
[Site "?"]
[Date "2020.02.08"]
[Round "3.39"]
[White "Chine Infantes, Miguel Angel"]
[Black "Carrasquer Alonso, Luis"]
[Result "0-1"]
[WhiteElo "1799"]
[BlackElo "1818"]
[PlyCount "75"]
[EventDate "2020.??.??"]
[WhiteTeam "Fraga"]
[BlackTeam "Jaque B"]

1. e4 e5 2. Nf3 Nc6 3. Bc4 Be7 4. Nc3 Nf6 5. d3 d6 6. h3 O-O 7. Bg5 Na5 8. Bb3
Nxb3 9. axb3 Be6 10. O-O c6 11. Be3 c5 12. Ng5 Bd7 13. f4 exf4 14. Bxf4 h6 15.
Nf3 Be6 16. Qd2 Qd7 17. Rae1 Rae8 18. Re2 b5 19. Rfe1 b4 20. Nd1 a5 21. Ne3 a4
22. bxa4 Qxa4 23. Nd5 Bxd5 24. exd5 Nxd5 25. Bxh6 gxh6 26. Qxh6 Bf6 27. Ng5
Bd4+ 28. Kh1 Nf6 29. Rxe8 Rxe8 30. Rf1 Qa8 31. Nxf7 Kxf7 32. Qh7+ Ke6 33. Qf5+
Ke7 34. Re1+ Kd8 35. Re6 Rxe6 36. Qxe6 Qd5 37. Qe2 Qe5 38. Qf3 0-1

[Event "Cto de Aragon por Equipos Preferente"]
[Site "?"]
[Date "2020.02.08"]
[Round "3.40"]
[White "Huerva Lacuna, Isidro"]
[Black "Casas Chine, German"]
[Result "0-1"]
[WhiteElo "1600"]
[BlackElo "1787"]
[PlyCount "80"]
[EventDate "2020.??.??"]
[WhiteTeam "Jaque B"]
[BlackTeam "Fraga"]

1. d4 Nf6 2. Nf3 g6 3. c4 Bg7 4. Nc3 d6 5. e4 O-O 6. Be2 e5 7. d5 h6 8. O-O
Nbd7 9. b4 a5 10. Qb3 axb4 11. Qxb4 Nc5 12. Qb1 Nh7 13. Be3 f5 14. Bxc5 dxc5
15. Qd3 Ra3 16. Nd2 f4 17. f3 g5 18. Nb3 Qe7 19. Nb5 Ra6 20. Rfd1 Rff6 21. Rd2
Bf8 22. Rad1 h5 23. Nc1 g4 24. Bf1 Rg6 25. fxg4 hxg4 26. d6 cxd6 27. Qd5+ Kh8
28. Qd3 Ng5 29. Nc3 Rh6 30. g3 Nf3+ 31. Kh1 Qh7 32. Qc2 fxg3 33. h3 gxh3 34.
Bg2 hxg2+ 35. Kxg2 Nxd2 36. Rxd2 Rh2+ 37. Kf1 Qh3+ 38. Ke1 Rh1+ 39. Ke2 Qf1+
40. Ke3 Bh6# 0-1

[Event "Cto de Aragon por Equipos Preferente"]
[Site "?"]
[Date "2020.02.08"]
[Round "3.41"]
[White "Palacios Latasa, Elias"]
[Black "Lopez Caudevilla, David"]
[Result "0-1"]
[WhiteElo "2176"]
[BlackElo "2163"]
[PlyCount "106"]
[EventDate "2020.??.??"]
[WhiteTeam "IberCaja B"]
[BlackTeam "Actur Rey Fernando"]

1. e4 g6 2. Nc3 Bg7 3. h4 h5 4. Bc4 a6 5. Nf3 b5 6. Bb3 Bb7 7. d3 Nf6 8. Bg5 d6
9. Qd2 Nbd7 10. a3 c5 11. O-O Rc8 12. Rfe1 O-O 13. Bh6 Ng4 14. Bxg7 Kxg7 15.
Ng5 c4 16. Ba2 Ndf6 17. Rad1 Nh7 18. f3 Qb6+ 19. d4 Ngf6 20. Ne2 e5 21. Kh1
Rfe8 22. c3 Rcd8 23. Bb1 Qc7 24. Ng3 Qe7 25. Qe3 Nd7 26. Rf1 Nxg5 27. hxg5 Nf8
28. f4 Nh7 29. dxe5 dxe5 30. fxe5 Rxd1 31. Rxd1 Qxg5 32. Qxg5 Nxg5 33. Rd7 Ba8
34. Ra7 h4 35. Ne2 Bxe4 36. Bxe4 Nxe4 37. Rxa6 Ng3+ 38. Nxg3 hxg3 39. Kg1 Rxe5
40. Kf1 Rf5+ 41. Ke1 Rf2 42. Rb6 Rxb2 43. a4 Rxg2 44. axb5 Rc2 45. Kf1 Rxc3 46.
Kg2 Rb3 47. Rc6 Rxb5 48. Kxg3 Rb4 49. Kf3 Kh6 50. Kf4 c3+ 51. Ke3 Rh4 52. Kd3
Rh3+ 53. Kc2 f5 0-1

[Event "Cto de Aragon por Equipos Preferente"]
[Site "?"]
[Date "2020.02.08"]
[Round "3.42"]
[White "Abos Rosico, Antonio"]
[Black "Martinez Cebolla, Alberto"]
[Result "0-1"]
[WhiteElo "2083"]
[BlackElo "2075"]
[PlyCount "124"]
[EventDate "2020.??.??"]
[WhiteTeam "Actur Rey Fernando"]
[BlackTeam "IberCaja B"]

1. e4 e5 2. Nf3 Nc6 3. Bc4 Nf6 4. d4 exd4 5. e5 Ne4 6. O-O Be7 7. Re1 Nc5 8.
Nxd4 Nxd4 9. Qxd4 O-O 10. Nc3 Ne6 11. Qe4 c6 12. Be3 d5 13. exd6 Bxd6 14. Rad1
Qc7 15. Qh4 Be7 16. Qg3 Qxg3 17. hxg3 Rd8 18. Rxd8+ Bxd8 19. Ne4 b5 20. Bb3 Bb6
21. Bxb6 axb6 22. Nd6 Bd7 23. f4 Rf8 24. f5 Nd4 25. Re7 Nxb3 26. Rxd7 Na5 27.
Kf2 h5 28. Ke3 Nc4+ 29. Nxc4 bxc4 30. Rc7 Re8+ 31. Kd4 Re2 32. Rxc6 Rxg2 33.
Ke3 Rxc2 34. Rxb6 c3 35. bxc3 Rxc3+ 36. Kf4 Ra3 37. Rb2 Kh7 38. Rb7 f6 39. Rb2
Kh6 40. Rf2 Ra4+ 41. Kf3 Kg5 42. Kg2 Ra3 43. Kh2 Ra5 44. Kh3 Rxf5 45. Rb2 Ra5
46. Kg2 Ra3 47. Rb5+ f5 48. Rb2 g6 49. Rc2 h4 50. gxh4+ Kxh4 51. Rc4+ Kg5 52.
Rc2 f4 53. Kf2 Kf5 54. Re2 g5 55. Rb2 g4 56. Kg2 Ke4 57. Re2+ Kd3 58. Rb2 f3+
59. Kf2 Kc3 60. Rb8 Rxa2+ 61. Ke3 Re2+ 62. Kf4 f2 0-1

[Event "Cto de Aragon por Equipos Preferente"]
[Site "?"]
[Date "2020.02.08"]
[Round "3.43"]
[White "Sanchez Castro, Roberto"]
[Black "Garcia Alvarez, Sergio"]
[Result "1-0"]
[WhiteElo "1943"]
[BlackElo "1666"]
[PlyCount "63"]
[EventDate "2020.??.??"]
[WhiteTeam "IberCaja B"]
[BlackTeam "Actur Rey Fernando"]

1. Nf3 c5 2. c4 Nf6 3. g3 b6 4. Bg2 Bb7 5. Nc3 e5 6. d3 Be7 7. O-O Bxf3 8. Bxf3
Nc6 9. b3 h5 10. h3 Nh7 11. e3 Ng5 12. Bg2 Qc8 13. f4 exf4 14. gxf4 Bf6 15. Bb2
Ne6 16. f5 Nc7 17. Ne4 Ke7 18. d4 Ne8 19. Nxf6 gxf6 20. d5 Ne5 21. d6+ Kf8 22.
Bxe5 fxe5 23. Qd5 Rg8 24. Qxe5 Rxg2+ 25. Kxg2 Qc6+ 26. Kh2 Nxd6 27. Rad1 Ne4
28. Rd5 Re8 29. Qh8+ Ke7 30. Re5+ Kd6 31. Rxe8 Qb7 32. Qe5+ 1-0

[Event "Cto de Aragon por Equipos Preferente"]
[Site "?"]
[Date "2020.02.08"]
[Round "3.44"]
[White "Arbiol Val, Sergio"]
[Black "Garcia Monterde, Francisco Jose"]
[Result "0-1"]
[WhiteElo "1628"]
[BlackElo "1847"]
[PlyCount "44"]
[EventDate "2020.??.??"]
[WhiteTeam "Actur Rey Fernando"]
[BlackTeam "IberCaja B"]

1. e4 c5 2. Nf3 e6 3. d4 cxd4 4. Nxd4 Bc5 5. Nb3 Bb6 6. Nc3 Ne7 7. Be2 O-O 8.
O-O f5 9. Bf3 f4 10. Nb5 Nbc6 11. Bd2 Ng6 12. c4 Nce5 13. c5 a6 14. Nd6 Nxf3+
15. Qxf3 Bc7 16. Bc3 Qg5 17. Rae1 Nh4 18. Qh3 f3 19. g3 Ng2 20. Rd1 Bd8 21. e5
Nf4 22. Qh4 Qg6 0-1

[Event "Cto de Aragon por Equipos Preferente"]
[Site "?"]
[Date "2020.02.08"]
[Round "3.45"]
[White "Hernandez Delgado, Gabriel"]
[Black "Romon Poves, Raul"]
[Result "0-1"]
[WhiteElo "1876"]
[BlackElo "2237"]
[PlyCount "120"]
[EventDate "2020.??.??"]
[WhiteTeam "El Olivar C"]
[BlackTeam "Shatranj"]

1. d4 Nf6 2. Bg5 Ne4 3. h4 c5 4. dxc5 Nc6 5. Nd2 Nxc5 6. e4 d5 7. exd5 Qxd5 8.
Ngf3 Ne5 9. Bb5+ Bd7 10. Bxd7+ Ncxd7 11. O-O e6 12. Qe2 h6 13. Bf4 Ng6 14. Bg3
Be7 15. h5 Qxh5 16. Ne4 O-O 17. Nd6 b6 18. Rad1 Nf6 19. Qa6 Rfd8 20. Qb7 Nd5
21. Nb5 Ndf4 22. Bxf4 Nxf4 23. Rxd8+ Rxd8 24. Re1 Qxb5 25. Qxe7 Qd7 26. Qh4 Ng6
27. Qe4 b5 28. c4 bxc4 29. Qxc4 Qd5 30. Qa6 Rd7 31. b3 Rc7 32. Qe2 Rd7 33. Qb2
Nf4 34. Qc2 g6 35. Qe4 Qxe4 36. Rxe4 g5 37. g3 Nd5 38. Rd4 Rc7 39. Rd2 Kg7 40.
Ne5 f5 41. Nc4 Kf6 42. Re2 h5 43. Kg2 Rd7 44. Ne5 Rh7 45. Rc2 Rc7 46. Nc4 e5
47. Rd2 Rd7 48. f3 Ne3+ 49. Kf2 Rxd2+ 50. Nxd2 Nd5 51. a3 Ke6 52. b4 Nb6 53.
Ke3 Kd5 54. Kd3 h4 55. gxh4 gxh4 56. Nf1 Nc4 57. a4 Nb2+ 58. Kc2 Nxa4 59. Kb3
Nb6 60. Ne3+ Ke6 0-1

[Event "Cto de Aragon por Equipos Preferente"]
[Site "?"]
[Date "2020.02.08"]
[Round "3.46"]
[White "Franco Ibanez, Carlos"]
[Black "Galstyan, David"]
[Result "1/2-1/2"]
[WhiteElo "1936"]
[BlackElo "1825"]
[PlyCount "92"]
[EventDate "2020.??.??"]
[WhiteTeam "Shatranj"]
[BlackTeam "El Olivar C"]

1. d4 Nf6 2. c4 e6 3. Nc3 d5 4. Bg5 Be7 5. e3 Nbd7 6. cxd5 exd5 7. Bd3 b6 8.
Nf3 Bb7 9. O-O O-O 10. Qe2 Re8 11. Rac1 c5 12. dxc5 Nxc5 13. Bb5 Nfd7 14. Bxe7
Rxe7 15. Rfd1 Nf6 16. Nd4 Rc8 17. b4 Nce4 18. Qb2 Rxc3 19. Rxc3 Nxc3 20. Qxc3
a6 21. Bd3 Rc7 22. Qb2 Qe8 23. Rc1 Rxc1+ 24. Qxc1 Qc8 25. Qxc8+ Bxc8 26. f3 Kf8
27. Kf2 g6 28. Ke2 Ke7 29. Kd2 Kd6 30. Kc3 Nd7 31. Ne2 Ne5 32. h3 a5 33. a3
Nxd3 34. Kxd3 Ba6+ 35. Kd2 Bxe2 36. Kxe2 Kc6 37. bxa5 bxa5 38. Kd3 Kc5 39. Kc3
a4 40. Kd3 f6 41. g4 h5 42. h4 f5 43. g5 Kd6 44. Kd4 Ke6 45. Kd3 Kd6 46. f4 Kc6
1/2-1/2

[Event "Cto de Aragon por Equipos Preferente"]
[Site "?"]
[Date "2020.02.08"]
[Round "3.47"]
[White "De La Riva Fernandez, Eduardo"]
[Black "Ballonga Arruebo, Alejandro"]
[Result "1/2-1/2"]
[WhiteElo "1800"]
[BlackElo "1677"]
[PlyCount "46"]
[EventDate "2020.??.??"]
[WhiteTeam "El Olivar C"]
[BlackTeam "Shatranj"]

1. e4 e6 2. d4 d5 3. Nd2 c5 4. exd5 Qxd5 5. Ngf3 cxd4 6. Bc4 Qd7 7. Nb3 Nc6 8.
O-O a6 9. Nbxd4 Nxd4 10. Qxd4 Qxd4 11. Nxd4 b5 12. Be2 Bb7 13. Bf3 Bxf3 14.
Nxf3 Nf6 15. Be3 Rc8 16. c3 Be7 17. Rac1 O-O 18. Bg5 h6 19. Bh4 g5 20. Bg3 Ne4
21. Rfe1 Nc5 22. Red1 Na4 23. Rd7 Bf6 1/2-1/2

[Event "Cto de Aragon por Equipos Preferente"]
[Site "?"]
[Date "2020.02.08"]
[Round "3.48"]
[White "Munoz Bornao, Miguel Angel"]
[Black "Jimenez Guillen, Rodrigo"]
[Result "1/2-1/2"]
[WhiteElo "1676"]
[BlackElo "1412"]
[PlyCount "57"]
[EventDate "2020.??.??"]
[WhiteTeam "Shatranj"]
[BlackTeam "El Olivar C"]

1. e4 c6 2. d4 d5 3. Nc3 dxe4 4. Nxe4 Bf5 5. Ng3 Bg6 6. Nf3 Nd7 7. Bd3 Bxd3 8.
Qxd3 e6 9. O-O Ngf6 10. Re1 Be7 11. c4 O-O 12. b3 Bb4 13. Re2 h6 14. Bb2 Qc7
15. a3 Be7 16. Rd1 Rad8 17. Qc2 Nb6 18. h3 Rfe8 19. Rde1 c5 20. Ne4 cxd4 21.
Nxd4 Nbd7 22. Ng3 Rc8 23. Nb5 Qb6 24. Qd1 a6 25. Nd4 Qc7 26. Rd2 Rcd8 27. Qc2
Nb6 28. Red1 Rd7 29. Nf3 1/2-1/2

[Event "Cto de Aragon por Equipos Preferente"]
[Site "?"]
[Date "2020.02.08"]
[Round "3.49"]
[White "Escuer Sanchez, Nestor"]
[Black "Rodriguez Leiva, Manuel"]
[Result "1/2-1/2"]
[WhiteElo "2068"]
[BlackElo "1820"]
[PlyCount "106"]
[EventDate "2020.??.??"]
[WhiteTeam "Enroque Barbastro"]
[BlackTeam "Jaime Casas B"]

1. d4 d5 2. Nf3 Nf6 3. Bf4 e6 4. e3 Bd6 5. Bg3 O-O 6. Bd3 h6 7. Nbd2 c5 8. c3
Nc6 9. Ne5 Bxe5 10. dxe5 Nd7 11. Qh5 Qg5 12. Qxg5 hxg5 13. f4 gxf4 14. exf4 f6
15. Nf3 c4 16. Bc2 Nc5 17. exf6 gxf6 18. O-O-O Bd7 19. f5 Rfe8 20. Bf2 b6 21.
Rhe1 Rad8 22. h4 Bc8 23. Bxc5 bxc5 24. Ba4 Rd6 25. fxe6 Bxe6 26. Bxc6 Rxc6 27.
Rxd5 Rb8 28. Rd2 Bf5 29. Re3 Ra6 30. a3 Rxa3 31. Rd8+ Rxd8 32. bxa3 Rd3 33.
Rxd3 cxd3 34. c4 Be6 35. Nd2 Kg7 36. Kb2 Kh6 37. Kc3 Bf5 38. Nb3 Kh5 39. Nxc5
Kxh4 40. Nxd3 Kg3 41. c5 Kxg2 42. Nf4+ Kf3 43. Nd5 Ke4 44. Nxf6+ Ke5 45. Nh5
Kd5 46. Kb4 Kc6 47. Nf4 Be4 48. Ne2 a5+ 49. Kc4 Bd5+ 50. Kd4 Bf3 51. Nc3 Bg2
52. Nb1 Kb5 53. Nc3+ Kc6 1/2-1/2

[Event "Cto de Aragon por Equipos Preferente"]
[Site "?"]
[Date "2020.02.08"]
[Round "3.50"]
[White "Salas Latorre, Jose"]
[Black "Sig Vargas, Pablo"]
[Result "1/2-1/2"]
[WhiteElo "1749"]
[BlackElo "1900"]
[PlyCount "44"]
[EventDate "2020.??.??"]
[WhiteTeam "Jaime Casas B"]
[BlackTeam "Enroque Barbastro"]

1. d4 d5 2. c4 dxc4 3. e3 Nf6 4. Bxc4 e6 5. Nf3 c5 6. Nc3 Nc6 7. O-O Be7 8.
dxc5 Qxd1 9. Rxd1 Bxc5 10. a3 O-O 11. b4 Be7 12. Bb2 b6 13. Rac1 Bb7 14. Ne2
Rfd8 15. Ned4 Nxd4 16. Nxd4 Rac8 17. h3 Ne4 18. Bb3 a6 19. Nf3 Rxc1 20. Rxc1
Rc8 21. Rxc8+ Bxc8 22. Bd4 b5 1/2-1/2

[Event "Cto de Aragon por Equipos Preferente"]
[Site "?"]
[Date "2020.02.08"]
[Round "3.51"]
[White "Campo Pelegrin, Ramon"]
[Black "Buil Rello, Jose Antonio"]
[Result "1/2-1/2"]
[WhiteElo "1778"]
[BlackElo "1699"]
[PlyCount "172"]
[EventDate "2020.??.??"]
[WhiteTeam "Enroque Barbastro"]
[BlackTeam "Jaime Casas B"]

1. e4 c5 2. Nc3 e6 3. g3 a6 4. Bg2 Nc6 5. f4 Nge7 6. Nf3 d5 7. d3 g6 8. O-O Bg7
9. Ne2 Qc7 10. c3 b5 11. Nh4 f5 12. h3 Bb7 13. Qe1 O-O 14. Nf3 h6 15. e5 Rfd8
16. d4 c4 17. g4 Kf7 18. Qg3 Rh8 19. Nh4 Rag8 20. Kf2 Bf8 21. Bf3 Ke8 22. Bd2
Kd7 23. Rg1 Rg7 24. gxf5 Nxf5 25. Nxf5 gxf5 26. Qh4 Qd8 27. Rxg7+ Bxg7 28. Qh5
Qe8 29. Rg1 Bf8 30. Qh4 Be7 31. Qh5 Bf8 32. Be1 Ne7 33. Qxe8+ Kxe8 34. Bh5+ Kd8
35. Ke3 Bc6 36. Bf7 Bd7 37. Bh4 Rh7 38. Bg6 Rg7 39. Bf6 Rg8 40. Bf7 Rxg1 41.
Nxg1 Bc8 42. Ne2 Kd7 43. Ng3 Nc6 44. Nh5 Nd8 45. Bg8 Ke8 46. Ng7+ Bxg7 47. Bxg7
Nf7 48. Kf3 Ke7 49. Kg3 Bd7 50. Bxf7 Kxf7 51. Bxh6 Kg6 52. Bf8 Be8 53. b3 Bc6
54. Kf2 a5 55. Ke2 Kf7 56. Bd6 Be8 57. Kd2 Kg7 58. Bc7 cxb3 59. axb3 a4 60. Kc2
Bh5 61. Kb2 Bd1 62. bxa4 bxa4 63. Ka3 Kf7 64. Kb4 Ke8 65. Bd6 Kd8 66. Kb5 Kd7
67. Ba3 Kc7 68. Kb4 Kb6 69. h4 Kc6 70. Ka5 Kb7 71. Kb5 Kc7 72. Kc5 Bh5 73. Bb4
Be2 74. c4 dxc4 75. d5 Kd7 76. dxe6+ Kxe6 77. Kc6 Bh5 78. Kc5 Be2 79. Kc6 Bh5
80. Kb5 Be2 81. Kxa4 Bh5 82. Kb5 Be2 83. Kc6 Bh5 84. Kc7 Be8 85. Kc8 Bf7 86.
Kd8 Bg6 1/2-1/2

[Event "Cto de Aragon por Equipos Preferente"]
[Site "?"]
[Date "2020.02.08"]
[Round "3.53"]
[White "Moya Gimeno, Raul"]
[Black "Veras Sanz, Marino"]
[Result "0-1"]
[WhiteElo "1851"]
[BlackElo "2076"]
[PlyCount "66"]
[EventDate "2020.??.??"]
[WhiteTeam "Marcos Frechin B"]
[BlackTeam "El Olivar B"]

1. e4 d6 2. d4 Nf6 3. Nc3 e5 4. Nf3 Nbd7 5. Bc4 Be7 6. h3 O-O 7. O-O a6 8. a4
b6 9. Re1 Bb7 10. d5 c6 11. dxc6 Bxc6 12. Bg5 Qc7 13. Bxf6 Nxf6 14. Qd3 Bb7 15.
Rad1 Qc5 16. Re2 Nh5 17. g3 Nxg3 18. Red2 Nh5 19. Nd5 Bxd5 20. Qxd5 Qc8 21.
Nxe5 dxe5 22. Qxe5 Qxc4 23. Qxe7 Rae8 24. Qg5 Nf6 25. Rd4 Qe2 26. R1d3 Nxe4 27.
Qh4 Nc5 28. Rg3 g6 29. Qh6 Qe1+ 30. Kg2 Qe5 31. Rh4 Qg7 32. Qc1 Ne4 33. Rgg4 f5
0-1

[Event "Cto de Aragon por Equipos Preferente"]
[Site "?"]
[Date "2020.02.08"]
[Round "3.54"]
[White "Gracia Campo, Carlos Alberto"]
[Black "Hususan, Melisa"]
[Result "1/2-1/2"]
[WhiteElo "2069"]
[BlackElo "1749"]
[PlyCount "81"]
[EventDate "2020.??.??"]
[WhiteTeam "El Olivar B"]
[BlackTeam "Marcos Frechin B"]

1. e4 c5 2. Nf3 d6 3. d4 cxd4 4. Qxd4 Nc6 5. Bb5 Bd7 6. Bxc6 bxc6 7. Nc3 e6 8.
Bg5 Qb6 9. Qxb6 axb6 10. a4 Ne7 11. O-O d5 12. Rfd1 h6 13. Be3 Nc8 14. Ne5 Rb8
15. Bf4 Rb7 16. Ne2 Nd6 17. exd5 cxd5 18. Nd4 Rc7 19. a5 bxa5 20. Rxa5 Be7 21.
Ra8+ Rc8 22. Ra7 Rd8 23. Ndc6 Bxc6 24. Nxc6 Nc8 25. Rc7 g5 26. Be5 f6 27. Bg3
Kf7 28. Nxd8+ Rxd8 29. c4 d4 30. f4 Ke8 31. c5 Bf8 32. Re1 d3 33. Rxe6+ Ne7 34.
Be1 d2 35. Bxd2 Rxd2 36. b4 Kd8 37. Ra7 Nd5 38. f5 Be7 39. Ra8+ Kc7 40. Ra7+
Kd8 41. Ra8+ 1/2-1/2

[Event "Cto de Aragon por Equipos Preferente"]
[Site "?"]
[Date "2020.02.08"]
[Round "3.55"]
[White "Alas Sebastian, Yasmina"]
[Black "Galve Guinea, Alejandro"]
[Result "0-1"]
[WhiteElo "1663"]
[BlackElo "1994"]
[PlyCount "50"]
[EventDate "2020.??.??"]
[WhiteTeam "Marcos Frechin B"]
[BlackTeam "El Olivar B"]

1. e4 e6 2. d3 d5 3. Nd2 c5 4. Ngf3 Nc6 5. g3 Nf6 6. Bg2 Be7 7. O-O O-O 8. e5
Nd7 9. Re1 Rb8 10. h4 b5 11. Nf1 b4 12. N1h2 f6 13. exf6 Nxf6 14. Bf4 Bd6 15.
Ne5 Nxe5 16. Bxe5 Bxe5 17. Rxe5 Qd6 18. Qe2 Rb7 19. Re1 Rbf7 20. Qd1 Ne4 21.
R5xe4 dxe4 22. Bxe4 Rxf2 23. Qg4 Qd4 24. Kh1 Rxh2+ 25. Kxh2 Qf2+ 0-1

[Event "Cto de Aragon por Equipos Preferente"]
[Site "?"]
[Date "2020.02.08"]
[Round "3.56"]
[White "Munoz Valles, Jorge"]
[Black "Perez Tomas, Juan Manuel"]
[Result "0-1"]
[WhiteElo "1636"]
[BlackElo "1556"]
[PlyCount "78"]
[EventDate "2020.??.??"]
[WhiteTeam "El Olivar B"]
[BlackTeam "Marcos Frechin B"]

1. d4 Nf6 2. c4 d6 3. Nc3 g6 4. e4 Bg7 5. Nf3 O-O 6. Be2 e5 7. O-O exd4 8. Nxd4
Nbd7 9. Bg5 h6 10. Be3 Nc5 11. f3 a5 12. Qd2 Kh7 13. Ndb5 Bd7 14. e5 Ne8 15.
exd6 Bxb5 16. Nxb5 cxd6 17. Rab1 Qe7 18. Nxd6 Ne6 19. Nxe8 Rfxe8 20. Rfe1 Qc7
21. Bf1 Rad8 22. Qf2 Nf4 23. Bb6 Qd7 24. Rbd1 Qxd1 25. Rxd1 Rxd1 26. Be3 Rxe3
27. Qc2 Ree1 28. Kf2 Rxf1+ 29. Kg3 Ne6 30. Qe4 Rd4 31. Qe2 Rg1 32. Qe3 Nf4 33.
Kf2 Rxg2+ 34. Ke1 Bf6 35. Qb3 Rxh2 36. Kf1 Nh3 37. c5 Kg7 38. f4 Rxf4+ 39. Ke1
Bh4+ 0-1

[Event "Cto de Aragon por Equipos Preferente"]
[Site "?"]
[Date "2020.02.08"]
[Round "3.57"]
[White "Cebrian Valverde, Jose Antonio"]
[Black "Flores Samperiz, Jorge"]
[Result "1-0"]
[WhiteElo "2101"]
[BlackElo "1976"]
[PlyCount "107"]
[EventDate "2020.??.??"]
[WhiteTeam "San Jose"]
[BlackTeam "Helios B"]

1. d4 Nf6 2. c4 e6 3. g3 d5 4. Bg2 c6 5. Nd2 Be7 6. Qc2 O-O 7. Ngf3 Nbd7 8. O-O
b6 9. e4 dxe4 10. Nxe4 Bb7 11. Nxf6+ Nxf6 12. c5 Nd5 13. a3 Bf6 14. Ne5 Bxe5
15. dxe5 Qe7 16. Be4 h6 17. Qe2 bxc5 18. Qh5 f5 19. Bd3 Qf7 20. Qe2 a5 21. Bd2
Rfd8 22. Rac1 Qd7 23. Rfd1 Qe7 24. Rc2 Rd7 25. Rdc1 Qd8 26. Bc4 a4 27. Be3 Ra5
28. Qh5 Kh7 29. Bd2 Ra8 30. g4 Nf6 31. exf6 Rxd2 32. gxf5 exf5 33. fxg7 Rxc2
34. Qxf5+ Kxg7 35. Qxc2 Qf6 36. Rd1 Rd8 37. Qxa4 Rxd1+ 38. Qxd1 Bc8 39. Qd3 Bf5
40. Qc3 Qxc3 41. bxc3 Bc2 42. f3 Kf6 43. Kf2 Ke5 44. Ke3 Ba4 45. Bd3 Kf6 46.
Kf4 Bb3 47. Be4 Ba4 48. Kg4 c4 49. Kh5 Kg7 50. h3 c5 51. Bd5 Bb3 52. Bc6 Bc2
53. a4 Bf5 54. Bb7 1-0

[Event "Cto de Aragon por Equipos Preferente"]
[Site "?"]
[Date "2020.02.08"]
[Round "3.58"]
[White "Anson Casaos, Alejandro"]
[Black "Gracia Suarez, Jesus"]
[Result "0-1"]
[WhiteElo "1826"]
[BlackElo "2073"]
[PlyCount "122"]
[EventDate "2020.??.??"]
[WhiteTeam "Helios B"]
[BlackTeam "San Jose"]

1. e4 c5 2. Nf3 Nc6 3. d4 cxd4 4. Nxd4 Nf6 5. Nxc6 bxc6 6. Bd3 g6 7. c4 Bg7 8.
Nc3 O-O 9. Rb1 Rb8 10. h3 Qa5 11. Bd2 Qh5 12. Qxh5 Nxh5 13. O-O d6 14. Rfd1 f5
15. exf5 gxf5 16. b3 Be5 17. Be2 Nf4 18. Bxf4 Bxf4 19. Bf3 Be5 20. Ne2 c5 21.
Rbc1 Bd7 22. Bd5+ e6 23. f4 Bb2 24. Rc2 exd5 25. Rxb2 d4 26. Nxd4 cxd4 27. Rxd4
Be6 28. Rbd2 Rfd8 29. Rxd6 Rxd6 30. Rxd6 Kf7 31. Kf2 Ke7 32. c5 a5 33. Ra6 Rb5
34. Ra7+ Kd8 35. c6 Rc5 36. Ke3 Rxc6 37. Rxa5 Rc2 38. Ra8+ Bc8 39. Ra7 Rxg2 40.
Rxh7 Rxa2 41. h4 Be6 42. b4 Rb2 43. h5 Rxb4 44. h6 Ke8 45. Ra7 Rb3+ 46. Kd4 Rh3
47. h7 Kf8 48. Ke5 Bf7 49. Kxf5 Rxh7 50. Ke5 Kg7 51. Ra1 Rh5+ 52. Kd4 Kf6 53.
Rg1 Ra5 54. Rg4 Ra4+ 55. Ke3 Bg6 56. Rh4 Ra3+ 57. Kf2 Be8 58. Kg2 Bd7 59. Rh7
Bg4 60. Rh4 Kf5 61. Kf2 Bh3 {tiempo} 0-1

[Event "Cto de Aragon por Equipos Preferente"]
[Site "?"]
[Date "2020.02.08"]
[Round "3.59"]
[White "Gutierrez Mingueza, Ruben"]
[Black "Gonzalez Azuara, Javier"]
[Result "1-0"]
[WhiteElo "2041"]
[BlackElo "1722"]
[PlyCount "75"]
[EventDate "2020.??.??"]
[WhiteTeam "San Jose"]
[BlackTeam "Helios B"]

1. c4 e5 2. d3 Bc5 3. Nf3 d6 4. a3 a6 5. b4 Ba7 6. Bb2 Nf6 7. e3 O-O 8. Be2 Re8
9. O-O Bf5 10. Nc3 e4 11. dxe4 Nxe4 12. Nd5 c6 13. Nf4 Nd7 14. Nd4 Bg6 15. Nxg6
hxg6 16. Qc2 Qh4 17. g3 Qh3 18. Bf3 Ndf6 19. Bg2 Qh6 20. Rae1 d5 21. c5 Bb8 22.
Nf3 Ng4 23. h3 Ngxf2 24. Rxf2 Bxg3 25. Rfe2 Bxe1 26. Rxe1 Re7 27. Bd4 Ng5 28.
Nxg5 Qxg5 29. Qc3 Rae8 30. Kh1 f6 31. Qc2 Qg3 32. Rg1 Qh4 33. Qxg6 Qh6 34. Qxh6
gxh6 35. Bxd5+ Kh7 36. Bb3 Rxe3 37. Bc2+ R3e4 38. Bxf6 1-0

[Event "Cto de Aragon por Equipos Preferente"]
[Site "?"]
[Date "2020.02.08"]
[Round "3.60"]
[White "Lacamara Pasamar, Miguel"]
[Black "Ferreruela Romero, Jose Joaquin"]
[Result "0-1"]
[WhiteElo "1720"]
[BlackElo "2034"]
[PlyCount "76"]
[EventDate "2020.??.??"]
[WhiteTeam "Helios B"]
[BlackTeam "San Jose"]

1. e4 d6 2. d4 Nf6 3. Nc3 Nbd7 4. Nf3 e5 5. Bc4 Be7 6. O-O O-O 7. Bg5 c6 8. h3
b5 9. Bd3 Bb7 10. Re1 a6 11. a3 Re8 12. dxe5 dxe5 13. Ne2 c5 14. Ng3 c4 15. Bf1
Qc7 16. c3 Nc5 17. Bxf6 Bxf6 18. Qc2 g6 19. Nd2 Bg5 20. Rad1 Bf4 21. Nh1 Rad8
22. f3 Qb6 23. Nf2 Bg3 24. Nb1 Na4 25. Rd2 Rxd2 26. Qxd2 Rd8 27. Qc2 Bxf2+ 28.
Qxf2 Qxf2+ 29. Kxf2 Nxb2 30. Be2 Kf8 31. Ke3 Ke7 32. g4 Na4 33. g5 h6 34. f4
exf4+ 35. Kxf4 hxg5+ 36. Kxg5 Nc5 37. Bf3 Rd3 38. Bg2 Rg3+ 0-1

[Event "Cto de Aragon por Equipos Preferente"]
[Site "?"]
[Date "2020.02.08"]
[Round "3.61"]
[White "Sierra Aguerri, Joaquin"]
[Black "Llanes Luno, Ricardo"]
[Result "1-0"]
[WhiteElo "2097"]
[BlackElo "2236"]
[PlyCount "119"]
[EventDate "2020.??.??"]
[WhiteTeam "Tauste"]
[BlackTeam "Delicias"]

1. e4 c5 2. Nc3 e6 3. f4 d5 4. Bb5+ Bd7 5. Qe2 d4 6. Nb1 Nf6 7. Nf3 a6 8. Bxd7+
Qxd7 9. a4 Nc6 10. d3 Be7 11. Nbd2 O-O 12. Nc4 Qc7 13. a5 Nd7 14. O-O b5 15.
axb6 Nxb6 16. Nxb6 Qxb6 17. b3 Rae8 18. Nd2 f5 19. Nc4 Qb7 20. Bd2 Rf6 21. e5
Rg6 22. Qf3 Ra8 23. Ra4 Ra7 24. Ba5 Rg4 25. Bb6 Ra8 26. Na5 Nxa5 27. Rxa5 Qc8
28. h3 Rh4 29. Bxc5 Bd8 30. Ra4 g5 31. Rc4 Rxf4 32. Qg3 Rxf1+ 33. Kxf1 h6 34.
Qf3 a5 35. Qh5 Qd7 36. Qg6+ Qg7 37. Qxe6+ Kh8 38. Qe8+ Qg8 39. Qc6 Rb8 40.
Qxh6+ Qh7 41. Qxh7+ Kxh7 42. Rxd4 Kg6 43. Rd7 g4 44. hxg4 fxg4 45. e6 Bh4 46.
e7 Kf7 47. d4 a4 48. bxa4 Rb2 49. Rd8 Bxe7 50. Rd7 Rxc2 51. Rxe7+ Kf6 52. Re2
Rc1+ 53. Kf2 Ra1 54. Kg3 Rxa4 55. Kxg4 Rc4 56. Kf4 Rc1 57. Be7+ Kg6 58. d5 Kf7
59. d6 Ke8 60. Rf2 1-0

[Event "Cto de Aragon por Equipos Preferente"]
[Site "?"]
[Date "2020.02.08"]
[Round "3.62"]
[White "Neila Castillo, Miguel Angel"]
[Black "Fernandez Rubio, Rafael"]
[Result "1-0"]
[WhiteElo "2122"]
[BlackElo "2063"]
[PlyCount "115"]
[EventDate "2020.??.??"]
[WhiteTeam "Delicias"]
[BlackTeam "Tauste"]

1. e4 g6 2. d4 Bg7 3. Nc3 c6 4. Be3 d5 5. e5 f6 6. f4 Nh6 7. h3 Qb6 8. Na4 Qa5+
9. c3 Nd7 10. b4 Qd8 11. Nf3 O-O 12. Bd3 b5 13. Nb2 Nb6 14. O-O Nc4 15. Nxc4
bxc4 16. Bc2 Bf5 17. Nh4 Bxc2 18. Qxc2 f5 19. a4 Qd7 20. Rfb1 a6 21. Nf3 e6 22.
Rb2 Rfb8 23. Rab1 Nf7 24. g4 Nh6 25. Qg2 a5 26. b5 Bf8 27. bxc6 Rxb2 28. cxd7
Rxb1+ 29. Kh2 Rd8 30. Ng5 Rxd7 31. Nxe6 Ba3 32. Kg3 Rb2 33. Qf3 Rc2 34. Bf2 Rd2
35. Be3 Rd3 36. Nc5 Bxc5 37. dxc5 Kf7 38. Kh4 Ke6 39. Qf2 Rxc3 40. c6 Rc7 41.
Bd2 Rb3 42. Qc5 Nf7 43. Bxa5 Rc8 44. c7 g5+ 45. fxg5 Nxe5 46. gxf5+ Kxf5 47.
Qxd5 Rd3 48. Qc5 Kf4 49. Qf2+ Nf3+ 50. Kh5 Rd5 51. Bb6 Rxg5+ 52. Kh6 Re5 53.
Kxh7 Rce8 54. Bc5 c3 55. Bd6 R8e7+ 56. Kg8 Re8+ 57. Kf7 c2 58. Bxe5+ 1-0